000 00215nam a2200085Ia 4500
008 170620s9999 xx 000 0 und d
100 _aDr KAPOOR- S K
245 0 _aINTERNATIONAL LAW AND HUMAN RIGHTS
260 _bALLAHABAD; C L P
260 _c2007
999 _c29270
_d29270